| 000 | 00598pam a2200217 a 4500 | ||
|---|---|---|---|
| 001 | 3332265 | ||
| 005 | 20180205034849.0 | ||
| 008 | 850626s1986 nyua b 001 0 eng | ||
| 010 | _a 85012456 | ||
| 020 |
_a0471803197 : _c$19.95 |
||
| 040 |
_aDLC _cDLC _dDLC |
||
| 041 | _aeng | ||
| 080 | _a658.4012 HAM | ||
| 082 | 0 | 0 |
_a658.4012 HAM _219 |
| 100 | 1 | _a54 | |
| 101 | _aMEN | ||
| 245 | 1 | 0 |
_aMaking strategy work : _cRichard G. Hamermesh. |
| 504 | _aBibliography: p. 231-240. | ||
| 906 |
_a7 _bcbc _corignew _d1 _eocip _f19 _gy-gencatlg |
||
| 942 |
_2ddc _cBK |
||
| 999 |
_c41726 _d41726 |
||